Kapitäne der Bundesliga-Meister ab 2000 - Statistiken

Allgemein
  • Dieses Quiz wurde 158 mal gespielt
  • Das Durchschnittsergebnis liegt bei 18 aus 24
Antwortstatistiken
Verein Saison Kapitän % Korrekt
FC Bayern München 2017/18 Manuel Neuer
98%
FC Bayern München 2018/19 Manuel Neuer
98%
FC Bayern München 2019/20 Manuel Neuer
98%
FC Bayern München 2020/21 Manuel Neuer
98%
FC Bayern München 2021/22 Manuel Neuer
98%
FC Bayern München 2022/23 Manuel Neuer
98%
FC Bayern München 2012/13 Philipp Lahm
96%
FC Bayern München 2013/14 Philipp Lahm
96%
FC Bayern München 2014/15 Philipp Lahm
96%
FC Bayern München 2015/16 Philipp Lahm
96%
FC Bayern München 2016/17 Philipp Lahm
96%
Bayer 04 Leverkusen 2023/24 Lukas Hradecky
77%
Borussia Dortmund 2010/11 Sebastian Kehl
74%
Borussia Dortmund 2011/12 Sebastian Kehl
74%
FC Bayern München 2004/05 Oliver Kahn
68%
FC Bayern München 2005/06 Oliver Kahn
68%
FC Bayern München 2002/03 Oliver Kahn
67%
FC Bayern München 2007/08 Oliver Kahn
65%
FC Bayern München 2000/01 Stefan Effenberg
57%
FC Bayern München 2009/10 Mark van Bommel
52%
Werder Bremen 2003/04 Frank Baumann
43%
VfB Stuttgart 2006/07 Fernando Meira
26%
VfL Wolfsburg 2008/09 Josué
23%
Borussia Dortmund 2001/02 Stefan Reuter
22%
Keine übereinstimmenden Quizze gefunden
Verteilung der Resultate
Anzahl Personen mit jedem Resultat
Perzentil nach korrekt beantworteten Fragen
Ihre Resultats-Entwicklung
Sie haben dieses Quiz noch nicht gespielt